MARC details
| 000 -LEADER |
| fixed length control field |
01672cam a2200481 a 4500 |
| 001 - CONTROL NUMBER |
| control field |
20627 |
| 003 - CONTROL NUMBER IDENTIFIER |
| control field |
VRT |
| 005 - DATE AND TIME OF LATEST TRANSACTION |
| control field |
20260128110016.0 |
| 008 - FIXED-LENGTH DATA ELEMENTS--GENERAL INFORMATION |
| fixed length control field |
240318s2017 xo g n 000 0 slo |
| 015 ## - NATIONAL BIBLIOGRAPHY NUMBER |
| National bibliography number |
SNBA2017/06 |
| 020 ## - INTERNATIONAL STANDARD BOOK NUMBER |
| International Standard Book Number |
9788081281815 |
| Qualifying information |
(viaz.) |
| 035 ## - SYSTEM CONTROL NUMBER |
| System control number |
urn:nbn:sk:snk-am00d5mf |
| 035 ## - SYSTEM CONTROL NUMBER |
| System control number |
urn:nbn:sk:snk-am3hqhg |
| 035 ## - SYSTEM CONTROL NUMBER |
| System control number |
23BF745C-C011-4073-B4F4-FDEDC58E9A1A |
| 039 #9 - LEVEL OF BIBLIOGRAPHIC CONTROL AND CODING DETAIL [OBSOLETE] |
| Level of rules in bibliographic description |
202403182147 |
| Level of effort used to assign nonsubject heading access points |
VLOAD |
| Level of effort used to assign subject headings |
202306291457 |
| Level of effort used to assign classification |
VLOAD |
| Level of effort used to assign subject headings |
202306291412 |
| Level of effort used to assign classification |
VLOAD |
| Level of effort used to assign subject headings |
202306231253 |
| Level of effort used to assign classification |
AUTHORITY |
| 040 ## - CATALOGING SOURCE |
| Original cataloging agency |
SNK |
| Language of cataloging |
slo |
| Transcribing agency |
SNK |
| Description conventions |
AACR2 |
| 041 0# - LANGUAGE CODE |
| Language code of text/sound track or separate title |
slo |
| 044 ## - COUNTRY OF PUBLISHING/PRODUCING ENTITY CODE |
| MARC country code |
xo |
| ISO country code |
SK |
| 072 #7 - SUBJECT CATEGORY CODE |
| Subject category code |
321 |
| Subject category code subdivision |
Politológia |
| Source |
konspekt |
| 080 ## - UNIVERSAL DECIMAL CLASSIFICATION NUMBER |
| Universal Decimal Classification number |
321.01 |
| Edition identifier |
2011 |
| 080 ## - UNIVERSAL DECIMAL CLASSIFICATION NUMBER |
| Universal Decimal Classification number |
321 |
| Edition identifier |
2011 |
| 080 ## - UNIVERSAL DECIMAL CLASSIFICATION NUMBER |
| Universal Decimal Classification number |
(048.8) |
| Edition identifier |
2011 |
| 100 1# - MAIN ENTRY--PERSONAL NAME |
| Personal name |
Klenko, Marián, |
| Dates associated with a name |
1978- |
| Relationship |
aut |
| 245 10 - TITLE STATEMENT |
| Title |
Politika bez moci |
| Remainder of title |
skutočný obraz reality |
| Statement of responsibility, etc. |
Marián Klenko |
| 260 ## - PUBLICATION, DISTRIBUTION, ETC. |
| Place of publication, distribution, etc. |
Martin |
| Name of publisher, distributor, etc. |
Matica slovenská |
| Date of publication, distribution, etc. |
2017 |
| 300 ## - PHYSICAL DESCRIPTION |
| Extent |
120 s. |
| Dimensions |
22 cm |
| 504 ## - BIBLIOGRAPHY, ETC. NOTE |
| Bibliography, etc. note |
Bibliogr. na s. 113-120. Bibliogr. odkazy |
| 650 07 - SUBJECT ADDED ENTRY--TOPICAL TERM |
| Topical term or geographic name entry element |
politická moc |
| Source of heading or term |
SNKPH |
| 650 07 - SUBJECT ADDED ENTRY--TOPICAL TERM |
| Topical term or geographic name entry element |
politológia |
| Source of heading or term |
SNKPH |
| 650 07 - SUBJECT ADDED ENTRY--TOPICAL TERM |
| Topical term or geographic name entry element |
Political power |
| Source of heading or term |
SNKPHeng |
| 650 07 - SUBJECT ADDED ENTRY--TOPICAL TERM |
| Topical term or geographic name entry element |
Political science |
| Source of heading or term |
SNKPHeng |
| 655 #7 - INDEX TERM--GENRE/FORM |
| Genre/form data or focus term |
monografie |
| Source of term |
SNKPH |
| 655 #7 - INDEX TERM--GENRE/FORM |
| Genre/form data or focus term |
Monographs |
| Source of term |
SNKPHeng |
| 942 ## - ADDED ENTRY ELEMENTS (KOHA) |
| Source of classification or shelving scheme |
Dewey Decimal Classification |
| Koha item type |
Odborná literatúra pre dospelých |
| Suppress in OPAC |
No |
| 949 ## - LOCAL PROCESSING INFORMATION (OCLC) |
| 6 |
273K0611701 |
| a |
svkpoB 99849 |
| b |
svkpo607331 |
| 949 ## - LOCAL PROCESSING INFORMATION (OCLC) |
| 6 |
270001000559885 |
| a |
svkbbA 150671 |
| b |
svkbbm 768167 |
| 949 ## - LOCAL PROCESSING INFORMATION (OCLC) |
| 6 |
17A1259000 |
| a |
snkSC 174651 |
| b |
snk2017/11683 |
| o |
1095/17 |
| s |
6100:20170613 |
| 949 ## - LOCAL PROCESSING INFORMATION (OCLC) |
| 6 |
17A1259001 |
| a |
snkSC 174651 D1 |
| b |
snk2017/11684 |
| o |
1095/17 |
| 949 ## - LOCAL PROCESSING INFORMATION (OCLC) |
| 6 |
2889326723 |
| a |
savukM 119138 |
| b |
savuk2017/2270 |
| 949 ## - LOCAL PROCESSING INFORMATION (OCLC) |
| 6 |
273K0620774 |
| a |
svkpoB 102227 |
| b |
svkpo617012 |